Every NBA Teams 3-Pointers Made All-Time Leader - Statistics

General Stats
  • This quiz has been taken 62 times
  • The average score is 21 of 30
Answer Stats
Team # Player % Correct
GSW 3,948 Steph Curry
100%
POR 2,387 Damian Lillard
98%
IND 2,560 Reggie Miller
96%
DAL 1,982 Dirk Nowitzki
94%
HOU 2,029 James Harden
94%
LAL 1,827 Kobe Bryant
90%
CLE 1,251 LeBron James
90%
PHO 1,366 Devin Booker
88%
TOR 1,518 Kyle Lowry
87%
ATL 1,209 Trae Young
87%
BOS 1,823 Paul Pierce
83%
WAS 1,514 Bradley Beal
81%
DEN 1,093 Jamal Murray
81%
SAS 1,495 Manu Ginobili
79%
OKL 1,143 Kevin Durant
75%
MIL 1,382 Khris Middleton
71%
CHA 1,283 Kemba Walker
67%
CHI 1,130 Zach LaVine
65%
PHI 885 Allen Iverson
62%
MIN 1,016 Anthony Edwards
62%
MIA 1,135 Duncan Robinson
60%
MEM 1,086 Mike Conley
60%
LAC 820 Paul George
58%
SAC 1,248 Buddy Hield
44%
NOP 651 C.J. McCollum
44%
DET 990 Joe Dumars
40%
BKN 984 Joe Harris
35%
UTA 1,071 Joe Ingles
29%
NYK 982 John Starks
23%
ORL 981 Dennis Scott
12%
No matching quizzes found
Score Distribution
Percent of People with Each Score
Percentile by Number Answered
Your Score History
You have not taken this quiz